000 00800nam a2200289Ia 4500
005 20250425160652.0
008 250425s9999 xx 000 0 und d
020 _a968727056X
041 _aspa
043 _amx
082 _a519.5
100 _aMENDENHALL, WILLIAM
245 0 _aESTADISTICA PARA ADMINISTRADORES
250 _a2 ED.
260 _aMéxico
_bGRUPO EDITORIAL IBEROAMERICANA, S.A. DE C.V.
_c1990
260 _aS.L.
300 _a817
500 _aTítulo Traducido: A COURSE IN BUSINESS STATISTICS
650 _aANALISIS DE REGRESION
650 _aCONTROL DE CALIDAD
650 _aESTADISTICAS
650 _aPROBABILIDADES
700 _aDIRK VALCHX VERBEECK
_etraductor
710 _aGRUPO EDITORIAL IBEROAMERICANA, S.A. DE C.V.
942 _c01
010 _a1894
999 _c193768
_d193768